01808nam a2200325 a 4500001001000000003000400010005001700014008004100031040002500072082002600097100003600123245006500159250002400224260004100248300002100289500011000310590002700420600003700447600005900484651006600543651006200609910003700671942001400708952013900722952013900861952013901000952019601139952013001335999001701465000029947OSt20260321073642.0090723s1971 dr 000 0 spa d aDO-SdBNPbspacBNPHU a320.97293bE77t, 19711 aEspinal, Andrés Julio,91308410aTrujillo, Bosch y yo y el desafio /cAndrés Julio Espinal. a2a ed. corr. y aum. aSanto Domingo :bArte y Cine,c1971. a308 p. ;c18 cm. aPublicaciones del Frente Nacional Mantenedor de la Democracia Representativa en la República Dominicana aInventariado, 2018/ YL10a Bosch, Juan, d1909-200197655510aTrujillo Molina, Rafael Leónidas,d 1891-1961976764 4aRepública DominicanaxPolítica y Gobiernoy1930-19619479 4aRepública DominicanaxPolítica y Gobiernoy1961-9204 aValidado. Control de calidad MFF 2ddccLBS1 001054708DSaGRbGRcHDd2011-04-27iLF1l0o320.97293 E77t, 1971p29947-30r2020-06-25te. 3w2020-06-25yLFDSZPréstamo en sala 001054708DSaGRbGRcHDd2011-04-27iLF1l0o320.97293 E77t, 1971p29947-40r2020-06-25te. 4w2020-06-25yLFDSZPréstamo en sala 001054708DSaGRbGRcHDd2011-04-27iLF1l0o320.97293 E77t, 1971p29947-50r2020-06-25te. 5w2020-06-25yLFDSZPréstamo en sala 0010718PDaPDbPDcHDd2011-04-27iLF1l0o320.97293 E77t, 1971p29947-10r2020-06-25w2020-06-25yLFPDzPerteneció a la biblioteca personal de Juan Isidro Jimenes GrullónZNo se presta 0010718PDaPDbPDcHDd2011-04-27iLF1l0o320.97293 E77t, 1971p29947-20r2020-06-25te. 2w2020-06-25yLFPDZNo se presta c29439d29439